| 000 | 00954nam a22002537a 4500 | ||
|---|---|---|---|
| 003 | DO-SdBNP | ||
| 005 | 20220603093754.0 | ||
| 007 | ta | ||
| 008 | 110301s2021 dr 000 0 spa d | ||
| 020 | _a9789945627725 | ||
| 040 |
_aDO-SdBNP _bspa _cBNPHU |
||
| 082 | 4 |
_axxxx _bL888p |
|
| 100 | 1 |
_aLouius Thomas, Mirline _953018 |
|
| 245 | 1 | 0 |
_aPara una familia exitosamente funcional : _bcómo hacer de tu familia una familia bien cimentada / _cMirline Louius Thomas ; prólogo Rosa Ana de Luna Huggins de Díaz ; carta al lector Richadson Louius |
| 260 |
_aSanto Domingo : _bSantuario, _c2021. |
||
| 300 |
_a111 p. : _c23 cm. |
||
| 500 | _aIncluye datos biográficos de la autora en la solapa de la portada. | ||
| 500 | _aIncluye notas a pie de paginas. | ||
| 590 | _aInventariado, 2022/ YL | ||
| 700 | 1 | 2 |
_aLuna Huggins de Díaz, Rosa Ana de _eprol _981773 |
| 700 | 1 | 2 |
_aLouius, Richadson _epres. _981774 |
| 910 | _aYLockward | ||
| 942 |
_2ddc _cLBS1 |
||
| 999 |
_c51917 _d51917 |
||